• 首页
  • 本馆介绍
  • 公告通知
  • 最新文献
  • 馆藏检索
  • 电子资源
  • 读者导购
  • 参考咨询
  • 我的图书馆
  • 登录
  • 详细信息显示
  • 放入我的书架
  • 预约/预借图书
  • 作者相关作品
  • 分类相关作品
  • 丛书相关作品
  • 出版社相关作品

书目信息

  • 表格格式
  • 工作单格式
  • 卡片格式
题名:
谁之罪
    
 
作者: 赫尔岑 , Герцен 著 ;楼适夷 译
分册:  
出版信息: 上海   上海译文出版社  1979
页数: 229页
开本: 20cm
丛书名:
单 册:
中图分类: I512.44 , I512.4
科图分类:
主题词: 长篇小说--苏联--近代--选集 , 文学
电子资源:
ISBN:
000 00868nam0 2200301 45
001 0179005970
005 20040412145924.6
010    @dCNY0.78
091    @a10188.64
100    @a19950721d1979 em y0chiy0121 ea
101 1  @achi@crus
102    @aCN@b310000
105    @ay z 000ay
106    @ar
200 10 @a谁之罪@Ashui zhi zui@f(俄)赫尔岑(А.И.Герцен)著@g楼适夷译
210    @a上海@c上海译文出版社@d1979
215    @a229页@d20cm
300    @a书名原文:Кто виноват?
510 1  @aКто виноват?@zrus
606    @a长篇小说@y苏联@z近代@x选集
606 0  @a文学
690    @aI512.44@v3
690    @aI512.4
701  1 @a赫尔岑@Ahe er cen@bА.И.@4著
701 A1 @aГерцен@bА.И.@4著
702  0 @a楼适夷@Alou shi yi@4译
801  0 @aCN@bNLC@c20040412
905    @f5@b168995-999@f1@b26783@f2@b173424-425@dI512.4@e371
    
    谁之罪/(俄)赫尔岑(А.И.Герцен)著/楼适夷译.-上海:上海译文出版社,1979
    229页;20cm
    书名原文:Кто виноват?
    
    ISBN :CNY0.78
    
●
相关链接 在E读中查询图书 在五车中查询图书 在当当中查询图书 在豆瓣中查询图书


正题名:谁之罪     索取号:I512.4/371         预约/预借

序号 登录号 条形码 馆藏地/架位号 状态 备注
1 0026783   000651501   第二借阅区/ [索取号:I512.4/371] 在馆    
2 0168995   000651538   第二借阅区/ [索取号:I512.4/371] 在馆    
3 0168995   000651486   第二借阅区/ [索取号:I512.4/371] 在馆    
4 0168996   000651556   第二借阅区/ [索取号:I512.4/371] 在馆    
5 0168997   000651547   第二借阅区/ [索取号:I512.4/371] 在馆    
6 0168998   000651565   第二借阅区/ [索取号:I512.4/371] 在馆    
7 0168999   000651486   第二借阅区/ [索取号:I512.4/371] 在馆    
8 0173424   000651529   第二借阅区/ [索取号:I512.4/371] 在馆    
9 0173425   000651510   第二借阅区/ [索取号:I512.4/371] 在馆    
10 0173426   000651495   第一样本阅览室/ [索取号:I512.4/371] 在馆    
唐山师范学院图书馆 欢迎您!
大连网信软件有限公司© 版权所有